000 00358 a2200169 4500
001 171880
020 _a85-08-04125-X
040 _cMagnum
100 _aRey, Marcos
240 1 0 _aUm rosto no computador
_lpor
245 1 0 _aUm rosto no computador
300 _a118
362 0 _a1992
440 1 _aÁtica
697 _aLITERATURA JUVENIL
942 _cBK
999 _c171880
_d171880